000 00332nam a22001337a 4500
003 OSt
008 150215b xxu||||| |||| 00| 0 eng d
100 1 _aAnand, Mulk Raj
041 _aeng
245 1 0 _aStory of the Indian Post Office
260 _aNew Delhi, [India]
_bAkshar Printers
_c1987
300 _a0 pages
942 _e2nd reprinted
999 _c770
_d770